[Event "AUT Bundesliga Women 2020-21"]
[Site "Graz"]
[Date "2021.01.22"]
[Round "1.1"]
[White "Ragger, Anna-Christina"]
[Black "Papp, Sarah"]
[Result "0-1"]
[WhiteElo "2204"]
[BlackElo "2313"]
[Annotator "TA"]
[PlyCount "64"]
[EventDate "2021.01.17"]
[EventType "team-tourn"]
[EventCountry "AUT"]
[SourceTitle "playchess.com"]
[Source "ChessBase"]
[SourceQuality "1"]

{[%evp 9,64,0,0,0,20,28,36,-4,9,8,8,-17,-18,-31,-31,-16,-10,-33,16,0,0,0,0,0,0,0,0,0,0,0,0,-37,-22,-47,-28,-249,-215,-416,-405,-529,-530,-546,-554,-549,-443,-1370,-566,-541,-542,-535,-493,-5389,-2837,-2652,-2583,-29998,-29999]} 1. d4 d5 2. Bf4 Nf6 3. e3 g6 4. Nd2 Bg7 5. h4 {[#]} h5 $146 ({Predecessor:} 5... c5 6. c3 Nc6 7. Ngf3 O-O 8. Ne5 Nd7 9. Nxd7 Qxd7 10. Nf3 c4 11. Qc2 Re8 {0-1 (30) Koepke,C (1486)-Mundt,A (1786) Willingen 2020}) 6. c3 {D00: 1 d4 d5: Unusual lines.} Bf5 7. Ngf3 Nbd7 8. Ne5 {White is slightly better.} Ng4 9. Nxg4 hxg4 10. Be2 e5 11. Bg3 exd4 12. cxd4 Nf6 13. Be5 (13. Qb3 {keeps more tension.} Qc8 14. Be5 c6 15. Nf1 Nh5 16. Bxg7 Nxg7 17. Ng3) 13... Kf8 (13... Qd7 {feels hotter.} 14. b4 c6 15. Rc1 O-O 16. O-O Nh5) 14. Bxf6 Bxf6 15. Bxg4 Bxg4 16. Qxg4 Rxh4 17. Rxh4 Bxh4 18. Nf3 Bf6 19. O-O-O Qe7 20. Rh1 c5 21. Rh7 Kg8 22. Qh3 {Now White is beyond hope.} (22. Rh1 $1 $11) 22... Bg7 23. Kb1 $2 (23. Rh4 {was necessary.}) 23... cxd4 $19 24. exd4 Qe4+ 25. Ka1 g5 26. Rxg7+ Kxg7 {[%mdl 4096] Endgame KQR-KQN} 27. a3 (27. Qg3 $142 f6 28. Qd6) 27... g4 (27... Rh8 $142 28. Nh4 Rxh4) 28. Qg3 Rc8 29. Ka2 Rc1 {[#] ( -> ...Qb1+)} 30. Nh4 (30. Ne5 $142 Qxd4 31. Qxg4+ Qxg4 32. Nxg4) 30... Qb1+ (30... Kh7 $142 31. Qe3 Qb1+ 32. Kb3 Qc2+ 33. Ka2 Qb1+ 34. Kb3 Qc2+ 35. Ka2 Qc4+ 36. Qb3 {[#]} Ra1+ $3 {[%mdl 576] Deflection} 37. Kxa1 Qxb3) 31. Kb3 Qc2+ 32. Kb4 Qc4+ {[%mdl 64] Double Attack.  Weighted Error Value: White=1.04/Black=0.47} 0-1

[Event "AUT Bundesliga Women 2020-21"]
[Site "Graz"]
[Date "2021.01.22"]
[Round "1.2"]
[White "Worek, Joanna"]
[Black "Hiebler, Laura"]
[Result "1-0"]
[WhiteElo "2304"]
[BlackElo "2011"]
[Annotator "TA"]
[PlyCount "89"]
[EventDate "2021.01.17"]
[EventType "team-tourn"]
[EventCountry "AUT"]
[SourceTitle "playchess.com"]
[Source "ChessBase"]
[SourceQuality "1"]

{[%evp 10,89,29,18,21,31,35,-4,0,-12,-10,-20,-5,-29,-27,-44,-33,-40,-31,-36,-4,-32,0,-38,-38,-44,-9,-35,13,3,6,0,60,70,61,54,91,60,104,95,85,64,122,25,84,87,113,75,79,56,73,45,48,46,165,173,274,282,490,427,491,474,334,290,699,684,962,796,752,771,1719,924,900,882,2343,2920,5002,3040,29992,29993,29995,29996]} 1. e4 e6 2. d4 d5 3. exd5 exd5 4. Nf3 Nf6 5. Bd3 Bg4 6. h3 Bh5 {C01: French: Exchange Variation.} 7. O-O Be7 8. Nc3 O-O {The position is equal.} 9. Bg5 Nbd7 10. Re1 c6 11. g4 Bg6 12. Bxg6 hxg6 {[#]} 13. Qd3 $146 ({Predecessor:} 13. Ne2 Re8 14. Nf4 Ne4 15. Bxe7 Rxe7 16. Nd2 Nxd2 17. Qxd2 Nb6 18. b3 Qd7 19. Rxe7 Qxe7 {0-1 (29) Henkel,D-Dettmann,N (1774) Rostock 2018}) 13... Re8 14. Bf4 Nb6 15. Ne5 Nfd7 (15... Bb4 {is interesting.} 16. Kg2 a5 17. a3 Bd6 18. Bg3 a4) 16. Ne2 Nxe5 17. dxe5 Bg5 18. Bg3 Nc4 19. f4 Be7 ({Worse is} 19... Nxb2 20. Qb3 $16) 20. b3 Na3 (20... Nb6 $11) 21. Kh2 $14 c5 22. Rac1 c4 {[#]} 23. Qf3 Qa5 24. Red1 Rad8 25. Be1 Qa6 {[#]} (25... Qb6 $14) 26. Bf2 (26. Nc3 $1 $16) 26... Bb4 (26... Nb5 $11) 27. c3 $36 {[%mdl 2048] Keeping Black busy.} Be7 28. Rd2 Nb5 29. h4 Nc7 30. Rb1 b5 31. b4 Qb7 ({Black should try} 31... f6 $1 $14) 32. f5 $18 gxf5 (32... Ra8 {keeps fighting.} 33. Rf1 Rf8) 33. gxf5 ({And not} 33. Qxf5 g6 $11) 33... Bf8 $2 (33... f6 34. e6 Bd6+ 35. Kh1 Nxe6) 34. Bd4 Qa6 35. Nf4 Qh6 36. Qg4 Kh7 $2 (36... f6) 37. Rg2 Be7 38. Kh3 Rg8 39. Rbg1 Bf8 40. f6 g6 41. e6 Nxe6 42. Nxe6 fxe6 43. Qxe6 {Qf7+ would kill now.} Rd6 44. Qf7+ {[%mdl 64] Double Attack} Kh8 45. Rxg6 {[%csl Gf7,Gg1][%cal Rg6g8] Weighted Error Value: White=0.17/Black=0.66} 1-0

[Event "AUT Bundesliga Women 2020-21"]
[Site "Graz"]
[Date "2021.01.22"]
[Round "1.3"]
[White "Krassnitzer, Julia"]
[Black "Teuschler, Barbara"]
[Result "0-1"]
[WhiteElo "1803"]
[BlackElo "2108"]
[Annotator "TA"]
[PlyCount "78"]
[EventDate "2021.01.17"]
[EventType "team-tourn"]
[EventCountry "AUT"]
[SourceTitle "playchess.com"]
[Source "ChessBase"]
[SourceQuality "1"]

{[%evp 9,78,0,0,-12,-4,-14,-8,-33,-49,-65,-82,-94,-87,-79,-75,-104,0,0,0,-49,-8,-52,-38,-77,-75,-144,-144,-144,-142,-145,-132,-138,-140,-137,-145,-138,-109,-148,-129,-214,-127,-155,-125,-173,-133,-134,-146,-147,-143,-147,-131,-162,-104,-93,-108,-290,-281,-320,-310,-624,-628,-623,-612,-936,-936,-917,-903,-805,-474,-779,-681]} 1. e4 e5 2. Nf3 d6 3. c3 Nf6 4. d3 Be7 5. Be2 O-O 6. O-O {C41: Philidor Defence.} c5 7. h3 Nc6 8. Nh2 {The position is equal.} d5 9. exd5 Nxd5 {[#]} 10. Na3 $146 ({Predecessor:} 10. f4 exf4 11. Bxf4 Nxf4 12. Rxf4 Bd6 13. Rf1 Qg5 14. Nf3 Qg6 15. Kh1 b6 16. Nbd2 {0-1 (36) Auriemo,D (1643)-Bonfim,R (2025) Cordeiropolis 2015}) 10... Bg5 11. Re1 Bxc1 12. Rxc1 Qg5 (12... Nf4 $17 {And now ...Qg5! would win.} 13. Bf1 Bf5) 13. Nf3 $11 Qg6 14. Kh2 Be6 $40 {[%mdl 128] Black is up to no good.} 15. Nc4 f6 16. Bf1 Rad8 {[%cal Ba8d8,Bd8d4,Bd4d7][%mdl 32]} 17. d4 {[#]} (17. Qb3 $142) 17... Nf4 $1 $17 {[%cal Rc5d4]} 18. Qc2 cxd4 19. cxd4 Nxd4 20. Nxd4 Rxd4 ({Inferior is} 20... exd4 21. Qxg6 hxg6 22. g3 $16) 21. Ne3 Rfd8 ({Reject} 21... Bxa2 $6 22. Nf5 $14) 22. Qc7 R4d7 ({Much less strong is} 22... Bxa2 23. Rcd1 $11) 23. Qa5 b6 24. Qa6 (24. Qc3 $17) 24... Qf7 (24... h5 $19 25. Red1 Rxd1 26. Nxd1 Rd7) 25. a3 Rd2 26. Rcd1 Qc7 27. Rxd2 Rxd2 28. Qb5 {[%cal Rb5e8]} Kf7 29. Kg1 Qd7 30. Qa6 Rxb2 ({Better is} 30... h6 $19 31. Bc4 Kg6 32. Bxe6 Nxe6) 31. Rd1 Qc7 32. Nc4 $2 {This costs White the game.} (32. Qa4 $17) 32... Bxc4 $19 33. Bxc4+ Kg6 {Strongly threatening ...Qc5!} 34. Qa4 $2 (34. Bd3+ Kh6 35. Qc4 Qxc4 36. Bxc4) 34... Qc5 {Black is clearly winning.} 35. Bd3+ Kh6 36. Qe4 Qxf2+ {[%mdl 64] Double Attack} 37. Kh1 Nxd3 38. Rxd3 Qf1+ 39. Kh2 {[#]} Rxg2+ $1 {[%mdl 512] Weighted Error Value: White=0.47/Black=0.12} 0-1

[Event "AUT Bundesliga Women 2020-21"]
[Site "Graz"]
[Date "2021.01.22"]
[Round "1.4"]
[White "Boric, Elena"]
[Black "Krassnitzer, Maria"]
[Result "1-0"]
[WhiteElo "2179"]
[BlackElo "1659"]
[Annotator "TA"]
[PlyCount "41"]
[EventDate "2021.01.17"]
[EventType "team-tourn"]
[EventCountry "AUT"]
[SourceTitle "playchess.com"]
[Source "ChessBase"]
[SourceQuality "1"]

{[%evp 15,41,37,45,45,99,84,122,105,91,100,100,101,101,86,101,86,116,104,225,221,218,210,228,189,434,411,539,414]} 1. e4 e5 2. Nf3 Nf6 3. Nxe5 d6 4. Nf3 Nxe4 5. d4 Be7 6. Bd3 d5 7. O-O O-O 8. c4 c6 {8...Nc6 is a critical line.} 9. Nc3 {C42: Petroff Defence: 3 Nxe5 and unusual White 3rd moves.} Bf5 {[#]} (9... Nf6 $14) 10. Qc2 $1 $16 Re8 11. Nxe4 {White is better.} Bxe4 12. Bxe4 dxe4 13. Qxe4 Bf6 14. Qg4 Nd7 15. Be3 {[#]} c5 $146 ({Predecessor:} 15... Nf8 16. Rfd1 Qa5 17. a3 Rad8 18. h4 h5 19. Qg3 Re4 20. Bf4 Qf5 21. Bg5 Bxg5 22. Qxg5 Qxg5 23. hxg5 {1-0 (30) Olsar,Z (2074)-Kotas,J Karvina 2005}) 16. dxc5 Bxb2 {[#] This costs Black the game.} (16... Qc7 $16) 17. Rab1 $1 $18 {[%cal Rb1b2,Ba1b1,Bb1b7,Bb7b3][%mdl 32]} Nf6 18. Qf5 ({Don't play} 18. Qh3 Ba3) 18... Bc3 19. Rxb7 Re7 $2 (19... Qc8 {was called for.} 20. Qxc8 Raxc8 21. Rxa7 Ng4) 20. c6 Rc7 21. Rb3 {Weighted Error Value: White=0.06/Black=0.60} 1-0

[Event "AUT Bundesliga Women 2020-21"]
[Site "Graz"]
[Date "2021.01.22"]
[Round "1.5"]
[White "Heinemann, Josefine"]
[Black "Rozman, Monika"]
[Result "1-0"]
[WhiteElo "2302"]
[BlackElo "2159"]
[Annotator "TA"]
[PlyCount "81"]
[EventDate "2021.01.17"]
[EventType "team-tourn"]
[EventCountry "AUT"]
[SourceTitle "playchess.com"]
[Source "ChessBase"]
[SourceQuality "1"]

{[%evp 31,81,22,17,12,18,10,47,39,74,68,84,88,68,40,83,43,192,189,229,224,270,248,235,164,158,166,243,238,239,250,337,252,242,249,279,271,397,362,843,822,831,811,1062,621,1256,779,777,770,781,778,29986,29987]} 1. e4 {Moradiabadi,E} e5 2. Nf3 Nc6 3. Bb5 a6 4. Ba4 Nf6 5. O-O Be7 6. Re1 b5 7. Bb3 d6 8. c3 O-O 9. h3 Nb8 10. d4 Nbd7 11. Nbd2 Bb7 12. Bc2 Re8 13. Nf1 Bf8 14. Bg5 h6 15. Bh4 c5 16. dxe5 dxe5 {[#]} 17. c4 $146 {C95: Closed Ruy Lopez: Breyer Variation with 10 d4.} ({Predecessor:} 17. a4 c4 18. N3h2 Re6 19. Qf3 Qb6 20. Ng4 Be7 21. Nxf6+ Bxf6 22. Bg3 Bg5 23. Ne3 Bxe3 24. Qxe3 Qxe3 25. Rxe3 {0-1 (65) Smeets,J (2662)-Anand,V (2810) Wijk aan Zee 2011 CBM 141 [Moradiabadi,E]}) 17... Re6 18. Qe2 Qb6 19. Ne3 {White is slightly better.} bxc4 ({But not} 19... Nxe4 $2 20. Nd5 $18) ({Avoid the trap} 19... Bxe4 $2 20. Bxe4 Nxe4 21. Nd5 $18) 20. Nxc4 Qc7 21. Rad1 a5 22. Qd2 a4 23. Qc3 Be7 {Black cannot hold the game after this.} (23... Nh5 $14) 24. Bg3 $18 Nh5 25. Nfxe5 Nf8 26. Bh2 Bf6 27. Qf3 Bxe5 28. Nxe5 Nf6 (28... Rxe5 {was worth a try.} 29. Qxh5 Rxh5 30. Bxc7 Ne6) 29. Qc3 Qe7 30. f3 N6d7 {[%cal Rd7e5]} 31. Nxd7 Nxd7 32. Rd2 Bc6 33. Red1 f5 (33... Bb5 $142 34. Bd6 Qf6 35. Qxf6 Rxf6) 34. Rd6 fxe4 $2 {[#]} (34... Bb5 35. Rxe6 Qxe6 36. exf5 Qf6) 35. Qc4 Nf8 {[%cal Bd7f8,Bf8e6,Be6d4][%mdl 32]} 36. Rxc6 exf3 37. Rxe6 Nxe6 38. Re1 f2+ 39. Kxf2 Qf7+ 40. Kg1 Nd4 {[#]} 41. Bh7+ $1 {[%mdl 512] Weighted Error Value: White=0.39/Black=0.80} 1-0

[Event "AUT Bundesliga Women 2020-21"]
[Site "Graz"]
[Date "2021.01.22"]
[Round "1.6"]
[White "Urh, Zala"]
[Black "Vidic, Teja"]
[Result "0-1"]
[WhiteElo "2159"]
[BlackElo "2179"]
[Annotator "TA"]
[PlyCount "64"]
[EventDate "2021.01.17"]
[EventType "team-tourn"]
[EventCountry "AUT"]
[SourceTitle "playchess.com"]
[Source "ChessBase"]
[SourceQuality "1"]

{[%evp 9,64,3,0,-7,0,0,4,8,8,14,7,9,14,8,5,0,14,-10,10,-24,0,-9,12,-20,7,-75,-62,-84,-73,-83,-61,-48,-54,-134,-108,-281,-83,-184,-151,-241,-162,-399,-363,-1420,-1354,-1575,-1563,-1589,-1280,-29993,-29994,-29995,-29996,-29997,-29998,-29998,-29999]} 1. d4 Nf6 2. c4 e6 3. Nc3 Bb4 4. e3 O-O 5. Nge2 c6 6. a3 {E46: Nimzo-Indian: Rubinstein: 4 e3 0-0 5 Ne2 without early Bd3.} Ba5 7. c5 d6 8. cxd6 {The position is equal.} Qxd6 9. b4 Bc7 10. Bb2 e5 11. g3 e4 12. Bg2 Re8 13. Qc2 {[%cal Rc3e4]} Bf5 14. Rc1 Nbd7 15. O-O {[#]} Nb6 $146 ({Predecessor:} 15... Rac8 16. d5 Nxd5 17. Nxd5 Qxd5 18. Rcd1 Qe6 19. Nd4 Qg6 20. Nxf5 Qxf5 21. Bxe4 Qxe4 22. Qxe4 Rxe4 23. Rxd7 {½-½ (34) Berzinsh,R (2421)-Oganian,M (2448) St Petersburg 2017}) 16. Rfd1 (16. d5 $5) 16... Rac8 17. b5 (17. d5 $1 $11 {keeps the balance.}) 17... Bb8 18. Qb1 h5 19. a4 h4 20. bxc6 bxc6 21. Qa2 (21. d5 $1 $15) 21... hxg3 22. hxg3 {[#]} (22. Nxg3 $17 Qd7 23. Rf1) 22... Be6 $2 (22... Ng4 $1 $19 {and Black stays clearly on top.} 23. d5 Qh6) 23. Qa1 (23. d5 $17 {might work better.} cxd5 24. Nb5) 23... Bb3 24. Re1 (24. Bh3 $17) 24... Nc4 25. Nb1 $2 (25. Nf4 {keeps fighting.}) 25... Ng4 $19 {White must now prevent ...Ncxe3!} 26. Rc3 {[#]} (26. Nf4 Qh6 27. Nh3) 26... Qf6 $1 27. Rf1 {[#]} (27. Nf4 Bxf4) 27... Bd1 $1 {[%mdl 512]} 28. Nf4 Bxf4 29. exf4 Bf3 {Black mates.} 30. Rxf3 Qh6 {[%csl Gg4][%cal Rh6h2]} 31. Rc1 Qh2+ 32. Kf1 exf3 {[%csl Gh2][%cal Rf3g2] Weighted Error Value: White=0.73/Black=0.17} 0-1

[Event "AUT Bundesliga Women 2020-21"]
[Site "Graz"]
[Date "2021.01.22"]
[Round "1.7"]
[White "Hrescak, Ivana"]
[Black "Hercog, Nusa"]
[Result "0-1"]
[WhiteElo "2212"]
[BlackElo "2097"]
[Annotator "TA"]
[PlyCount "151"]
[EventDate "2021.01.17"]
[EventType "team-tourn"]
[EventCountry "AUT"]
[SourceTitle "playchess.com"]
[Source "ChessBase"]
[SourceQuality "1"]

{[%evp 14,151,-5,-8,-10,-39,-10,-12,-17,-62,-60,-50,-60,-73,-40,-47,-48,-42,-45,-31,-22,-36,-19,-21,-18,-61,-43,-59,-52,-73,-26,-20,-8,-9,-15,-80,-79,-87,-87,-68,-77,-86,-69,-323,-308,-341,-312,-387,-278,-297,-260,-230,-138,-141,-167,-160,-142,-164,-162,-149,-34,-48,-23,-34,-37,-155,-19,-19,-18,-11,-8,-34,-36,-34,-39,-80,-102,-144,-78,-135,-135,-141,-137,-200,-147,-162,-147,-138,-135,-283,-283,-271,-41,-387,-381,-494,-462,-449,-364,-1487,-1256,-1207,-552,-1437,-1256,-1516,-1140,-1100,-970,-887,-577,-789,-551,-544,-544,-544,-537,-529,0,-529,-512,-494,-476,-529,-515,-522,-478,-479,-387,-353,0,-427,-360,-494,-482,-29958,-29957,-29968,-29968,-29972]} 1. Nf3 d5 2. g3 Nf6 3. Bg2 c6 4. d3 Bf5 5. O-O e6 6. c3 h6 7. Nbd2 {has lost popularity (7.Qb3).} Be7 8. Re1 O-O {A07: Réti Opening: New York and Capablanca Systems.} 9. Qb3 Qb6 10. e4 Bh7 {[#] The position is equal.} 11. e5 $146 ({Predecessor:} 11. exd5 cxd5 12. Qxb6 axb6 13. Ne5 Nfd7 14. Nxd7 Nxd7 15. d4 Bf6 16. Nb3 Bd3 17. Bf4 {1-0 (58) Manukian,G (2302)-Yankovsky,R (2381) Los Angeles 2010}) 11... Nfd7 12. d4 c5 13. c4 dxc4 14. Nxc4 Qxb3 15. axb3 Nc6 {[%cal Bb8c6,Bc6b4,Bb4d5][%mdl 32]} 16. Be3 Nb4 17. Re2 Rfd8 (17... Nc2 $5 {[%cal Rc2a1]} 18. Rc1 cxd4 19. Bxd4 Nxd4 20. Nxd4 Rab8 $15) 18. Ne1 Nd5 19. Na5 Rab8 20. Rc1 Rdc8 {White must now prevent ...b6.} 21. dxc5 Bxc5 22. Bxc5 Nxc5 23. Bxd5 exd5 24. b4 (24. Rd2 $11) 24... Ne6 $17 25. Rd1 b6 26. Nb3 Rc4 27. Rxd5 Rxb4 28. Re3 {[%mdl 8192]} (28. Nc1 $1 $15) 28... a5 $19 {[%cal Ba7a5,Ba5a4][%mdl 32]} 29. Rd2 Rc8 30. Nf3 Rcc4 31. Rd6 a4 32. Nbd4 Rxd4 33. Nxd4 Rxd4 34. Rxb6 Bc2 35. f4 g5 36. fxg5 Nxg5 (36... hxg5 $17 37. Re2 Bb3) 37. Rxh6 $15 Kg7 38. Rd6 Rb4 {[%mdl 1024] Black has compensation.} 39. Rd2 (39. h4 $15 Ne6 40. Rd2 Rxb2 41. Kf2) 39... Bg6 ({Black should try} 39... Rxb2 $17 {aiming for ...Rb3.} 40. Rd7 Bf5) 40. h4 $11 Ne6 41. Kh2 Nd4 42. Rc3 Bf5 43. Rf2 Be6 44. Rd3 Nc6 45. Re3 Rb5 (45... Na5 $142 46. Ree2 Nc4) 46. Rfe2 (46. Kg1 $142) 46... Bg4 $17 47. Rf2 Nxe5 48. Re4 (48. Rf4 $17 {might work better.} Bd1 49. Kh3) 48... Bd1 49. Kh3 Nd3 {[%mdl 64] Double Attack} 50. Rd2 Nxb2 {Strongly threatening ...a3.} 51. Red4 {[#]} (51. Rxd1 $17 {was forced.} Nxd1 52. Rxa4) 51... Bf3 $1 $19 52. Rf2 Bb7 ({Better is} 52... Rb3 $19 53. Rf4 Bd5 54. Rg4+ Kf8 55. Rxb2 {[%mdl 64] Remove Defender} Rxb2 56. Rxa4 Be6+ 57. g4 Rb3+ 58. Kg2 Kg7) 53. Rg4+ $2 {[%mdl 8192]} (53. Rd7 $1 $15 Bd5 54. Rxd5 Rxd5 55. Rxb2) 53... Kf8 {Threatens to win with ...Bc8.} 54. Rgf4 Bc8+ 55. g4 Be6 {Hoping for ...Nd3.} 56. Rxb2 (56. Re2 Rb3+ 57. Kh2) 56... Rxb2 57. Rxa4 {[%mdl 4096] Endgame KRB-KR} Rb3+ 58. Kh2 Kg7 59. Rf4 Kg6 60. Kg2 Bd5+ 61. Kh2 Rc3 62. Rd4 Bc6 63. Rd6+ Kg7 64. Rd4 Kf6 65. Rf4+ Kg7 66. Rd4 $1 Bb5 67. Rd5 Be2 68. Rd4 Bf1 69. Kg1 Rf3 70. Rb4 Bh3 71. Kh2 Bf1 72. Kg1 $1 Kf6 73. Rb6+ Ke5 74. g5 {[#]} (74. h5 $19 Bd3 75. Rb7) 74... Bd3 75. Kg2 Be4 76. Kh2 {Weighted Error Value: White=0.65/Black=0.34} 0-1

[Event "AUT Bundesliga Women 2020-21"]
[Site "Graz"]
[Date "2021.01.22"]
[Round "1.8"]
[White "Goeschl, Ortrun"]
[Black "Trippold, Denise"]
[Result "0-1"]
[WhiteElo "1966"]
[BlackElo "2152"]
[Annotator "TA"]
[PlyCount "44"]
[EventDate "2021.01.17"]
[EventType "team-tourn"]
[EventCountry "AUT"]
[SourceTitle "playchess.com"]
[Source "ChessBase"]
[SourceQuality "1"]

{[%evp 15,44,13,31,27,36,27,46,12,31,31,43,25,12,0,-10,-134,-127,-141,-129,-235,-237,-245,-245,-244,-241,-249,-240,-244,-216,-623,-597]} 1. Nc3 e6 2. e4 c5 3. Nf3 Nc6 4. d4 cxd4 5. Nxd4 Qc7 6. Ndb5 Qb8 7. f4 a6 8. Nd4 Qc7 9. a3 {B47: Sicilian: Taimanov: 5 Nc3 Qc7 6 f4, 6 g3 and 6 Be2.} b5 10. Nxc6 Qxc6 11. Bd3 {White is slightly better.} Bc5 {[#]} 12. Qg4 $146 ({Predecessor:} 12. Qe2 Bb7 13. Be3 Rc8 14. Bxc5 Qxc5 15. O-O-O Nf6 16. e5 Nd5 17. Ne4 Qe3+ 18. Qxe3 Nxe3 19. Nd6+ Kf8 20. Nxb7 Nxd1 21. Rxd1 {1-0 (40) Narayanan,S (2226)-Hughes,T (2133) ICC INT 2009}) 12... Kf8 13. e5 {[#] Strongly threatening Be4.} f5 14. exf6 Nxf6 15. Qg5 (15. Qh3 $11) 15... Bb7 $17 16. Bd2 h6 17. Qg6 (17. Qh4 $17) 17... Qxg2 $19 {[#] ( -> ...Bf2+)} 18. O-O-O Qxg6 19. Bxg6 Bxh1 20. Rxh1 Rc8 21. Re1 Bf2 22. Ne4 $2 (22. Re2 Bb6 23. Kb1) 22... Bxe1 {Weighted Error Value: White=0.61/Black=0.05} 0-1

[Event "AUT Bundesliga Women 2020-21"]
[Site "Graz"]
[Date "2021.01.23"]
[Round "2.1"]
[White "Papp, Sarah"]
[Black "Urh, Zala"]
[Result "1-0"]
[WhiteElo "2313"]
[BlackElo "2159"]
[Annotator "TA"]
[PlyCount "29"]
[EventDate "2021.01.17"]
[EventType "team-tourn"]
[EventCountry "AUT"]
[SourceTitle "playchess.com"]
[Source "ChessBase"]
[SourceQuality "1"]

{[%evp 7,7,4]} 1. e4 c5 2. Nc3 Nc6 3. Bb5 Nd4 4. Bc4 {[#] An uneventful encounter.} {Predecessor:} e6 $146 5. Nf3 a6 6. a4 {B30: Sicilian: 2...Nc6 3 Bb5, lines without ...g6.} Nf6 7. O-O Qc7 8. Re1 d6 9. d3 Nc6 10. h3 Be7 11. Bf4 O-O 12. Bh2 Nd7 13. d4 cxd4 14. Nxd4 Nxd4 15. Qxd4 {1-0 (80) Motylev,A (2641)-Demchenko,A (2632) chess.com INT 2020} 1-0

[Event "AUT Bundesliga Women 2020-21"]
[Site "Graz"]
[Date "2021.01.23"]
[Round "2.2"]
[White "Hercog, Nusa"]
[Black "Worek, Joanna"]
[Result "0-1"]
[WhiteElo "2097"]
[BlackElo "2304"]
[Annotator "TA"]
[PlyCount "29"]
[EventDate "2021.01.17"]
[EventType "team-tourn"]
[EventCountry "AUT"]
[SourceTitle "playchess.com"]
[Source "ChessBase"]
[SourceQuality "1"]

{[%evp 8,8,59]} 1. d4 d6 2. c4 g6 3. Nc3 Bg7 4. e4 e5 {[#] An uneventful encounter.} {Predecessor:} 5. Nf3 $146 Nc6 6. dxe5 {A42: Modern Defence: Averbakh Variation.} dxe5 7. Qxd8+ Nxd8 8. Be3 c6 9. c5 f6 10. Bc4 Be6 11. Nd2 Bh6 12. Ke2 Bxe3 13. Kxe3 Nh6 14. f3 Nhf7 15. b4 {1-0 (56) Sarana,A (2654)-Xiong,J (2709) chess.com INT 2020} 0-1

[Event "AUT Bundesliga Women 2020-21"]
[Site "Graz"]
[Date "2021.01.23"]
[Round "2.3"]
[White "Teuschler, Barbara"]
[Black "Goeschl, Ortrun"]
[Result "1-0"]
[WhiteElo "2108"]
[BlackElo "1966"]
[Annotator "TA"]
[PlyCount "31"]
[EventDate "2021.01.17"]
[EventType "team-tourn"]
[EventCountry "AUT"]
[SourceTitle "playchess.com"]
[Source "ChessBase"]
[SourceQuality "1"]

{[%evp 5,5,70]} 1. e4 Nc6 2. Nf3 Nf6 3. e5 {[#] A rather calm draw.} {Predecessor:} Nd5 $146 4. d4 d6 5. exd6 exd6 6. c4 {B03: Alekhine's Defence: Four Pawns Attack.} Nb6 7. h3 Be7 8. Nc3 O-O 9. Bd3 Nb4 10. Bb1 c5 11. a3 cxd4 12. Nxd4 Nc6 13. Be3 g6 14. b3 Bg5 15. O-O Bxe3 16. fxe3 {½-½ (52) Baklan,V (2587)-Ponomariov,R (2631) chess.com INT 2020} 1-0

[Event "AUT Bundesliga Women 2020-21"]
[Site "Graz"]
[Date "2021.01.23"]
[Round "2.4"]
[White "Tscharnuter, Alexandra"]
[Black "Boric, Elena"]
[Result "0-1"]
[WhiteElo "1775"]
[BlackElo "2179"]
[Annotator "TA"]
[PlyCount "26"]
[EventDate "2021.01.17"]
[EventType "team-tourn"]
[EventCountry "AUT"]
[SourceTitle "playchess.com"]
[Source "ChessBase"]
[SourceQuality "1"]

{[%evp 7,7,10]} 1. e4 Nf6 2. e5 Nd5 3. d4 d6 4. Bc4 {[#] A rather calm draw.} {Predecessor:} Nb6 $146 5. Bb3 d5 6. c3 {B03: Alekhine's Defence: Four Pawns Attack.} Bf5 7. Ne2 e6 8. Ng3 Bxb1 9. Rxb1 c5 10. dxc5 N6d7 11. Qe2 Nxc5 12. Bc2 Nc6 13. O-O g6 {½-½ (36) Dastan,B (2572)-Demidov,M (2552) chess.com INT 2020} 0-1

[Event "AUT Bundesliga Women 2020-21"]
[Site "Graz"]
[Date "2021.01.23"]
[Round "2.5"]
[White "Ragger, Anna-Christina"]
[Black "Heinemann, Josefine"]
[Result "1/2-1/2"]
[WhiteElo "2204"]
[BlackElo "2302"]
[Annotator "TA"]
[PlyCount "53"]
[EventDate "2021.01.17"]
[EventType "team-tourn"]
[EventCountry "AUT"]
[SourceTitle "playchess.com"]
[Source "ChessBase"]
[SourceQuality "1"]

{[%evp 23,40,-3,-9,-20,0,0,0,-12,0,0,0,0,0,0,0,0,-6,-108,-110]} 1. d4 Nf6 2. c3 d5 3. Bf4 e6 4. e3 Bd6 5. Bg3 O-O 6. Bd3 c5 7. Nd2 Qc7 8. Ngf3 Nbd7 9. O-O e5 10. dxe5 Nxe5 11. Nxe5 Bxe5 12. Bxe5 Qxe5 13. c4 {D02: 1 d4 d5 2 Nf3 sidelines, including 2...Nf6 3 g3 and 2...Nf6 3 Bf4.} Rd8 14. Qc2 Be6 15. Rad1 {The position is equal.} dxc4 16. Bxc4 Bxc4 17. Nxc4 Qe6 18. h3 h6 19. b3 b6 {[%cal Bb7b6,Bb6b5][%mdl 32]} 20. f3 (20. Nb2 $11 {keeps the balance.}) 20... b5 {[#]  Weighted Error Value: White=0.26/Black=0.04} {Predecessor:} 21. Na3 $146 Qxe3+ 22. Qf2 Qxf2+ 23. Kxf2 a6 24. g4 Nd5 25. Kg3 Nc3 26. Rxd8+ Rxd8 27. Rf2 {0-1 (42) Edouard,R (2645)-Nihal,S (2620) Europe Echecs INT 2020} 1/2-1/2